| 000 | 00663nam a22002417a 4500 | ||
|---|---|---|---|
| 001 | sjds | ||
| 003 | sjds | ||
| 005 | 20220808185626.0 | ||
| 008 | 220607b sp ||||| |||| 00| 0 spa d | ||
| 020 | _a9788424617219 | ||
| 020 | _a8424617215 | ||
| 040 | _csjds | ||
| 041 | _aspa | ||
| 100 | 1 | 0 | _aDuran, Teresa |
| 245 | 1 | 3 |
_aEl gato / _cTeresa Duran; ilustraciones de Marie-Jose Sacre; [version castellana, Eduardo Ruiz] |
| 246 | _aEl gato | ||
| 260 |
_aBarcelona : _bLa Galera ;1998, c1995 _c 1998, c1995 |
||
| 300 |
_a[22] p. _b il. color ; _c 17 cm. |
||
| 440 | _aCuatro estaciones | ||
| 700 | 1 | 0 | _aSacre, Marie-Jose |
| 700 | 1 | 0 | _aRuiz, Eduardo |
| 942 | _cBK | ||
| 999 |
_c27047 _d27047 |
||